FIN DU PEUPLE JUIF? /

Gespeichert in:
Bibliographische Detailangaben
1. Verfasser: Friedmann, Georges (autor)
Format: Buch
Schriftenreihe:IDEES ; 74
Schlagworte:
Tags: Tag hinzufügen
Keine Tags, Fügen Sie das erste Tag hinzu!

MARC

LEADER 00000nam^a2200000^a^4500
001 000237425
005 20250521000000.0
009 20260310104933.341
035 |a 059997 
037 |a Acervo Xavier Clavigero 
082 |a 305. 09  |b FRI 
100 |a Friedmann, Georges  |e (autor) 
245 1 0 |a FIN DU PEUPLE JUIF? /  |c GEORGES FRIEDMANN 
264 |a U.R.S.S. :  |b GALLIMARD,  |c 1965 
300 |a 376 p. 
336 |a texto  |b txt  |2 rdacontenido 
337 |a sin mediación  |b n  |2 rdamedio 
338 |a volumen  |b nc  |2 rdasoporte 
440 |a IDEES ;  |v 74 
649 |a XX 
650 |a JUDIOS -  |x CONDICIONES POLITICAS Y SOCIALES 
910 |a Fondo General 
920 |a Impresos - Libros 
930 |a Colección General 
905 |a 101 
901 |a 059997  |b IT1  |c ACC  |i 059997  |u 20250521 
902 |a https://opac.biblio.iteso.mx/vufind/Record/000237425